Datos cronológicos para la historia eclesiástica de Costa Rica (1774-1821) /
Збережено в:
| Автори: | , , |
|---|---|
| Формат: | Невідомо |
| Опубліковано: |
San José, Costa Rica :
Ediciones CECOR,
1992.
|
| Предмети: | |
| Теги: |
Додати тег
Немає тегів, Будьте першим, хто поставить тег для цього запису!
|
MARC
| LEADER | 000000000a22000000004500 | ||
|---|---|---|---|
| 001 | 002912 | ||
| 020 | |a 997791219X | ||
| 082 | 0 | 4 | |a 282.728.6 |b T431d |
| 100 | 1 | |a Sanabria Martínez, Víctor Manuel | |
| 100 | 1 | |a Rojas, Vernor | |
| 100 | 1 | |a Picado, Miguel | |
| 245 | 1 | 0 | |a Datos cronológicos para la historia eclesiástica de Costa Rica (1774-1821) / |c Víctor Manuel Sanabria Martínez, Vernor Rojas, Miguel Picado. |
| 260 | 1 | |a San José, Costa Rica : |b Ediciones CECOR, |c 1992. | |
| 300 | |a 232 páginas | ||
| 650 | 4 | |a IGLESIA CATOLICA EN COSTA RICA | |
| 650 | 4 | |a HISTORIA | |
| 999 | |c 9243 |d 9243 | ||
| 942 | |c BK |h 282.728.6 T431d |2 z | ||



